Výsledky hospodárenia právnických osôb podľa horších (skupina ceny pôdy 1-15) a lepších (skupina ceny pôdy 16-20) podmienok v štruktúre vybraných základných ekonomických, finančných a naturálnych ukazovateľov za rok 2001 a 2002 podľa zisťovania výberového súboru Informačnej siete poľnohospodárskeho účtovníctva v SR
Charakteristika výberového súboru ISPÚ SR za právnické osoby v r. 2001 a 2002. Majetok a kapitál. Štruktúra výnosov. Štruktúra tržieb za predaj vlastných výrobkov a služieb. Štruktúra nákladov. Vybrané variabilné a režijné náklady. Štruktúra hospodárskeho výsledku. Pracovné sily a mzdy. Bilancia pos...
Salvato in:
| Natura: | Capitolo di libro |
|---|---|
| Lingua: | slovacco |
| Soggetti: | |
| Tags: |
Nessun Tag, puoi essere il primo ad aggiungerne!!
|
MARC
| LEADER | 00000naa$a2200000$$$4500 | ||
|---|---|---|---|
| 001 | 0020491 | ||
| 005 | 20231018084629.0 | ||
| 041 | 0 | |a slo | |
| 044 | |a SK | ||
| 245 | 1 | 0 | |a Výsledky hospodárenia právnických osôb podľa horších (skupina ceny pôdy 1-15) a lepších (skupina ceny pôdy 16-20) podmienok v štruktúre vybraných základných ekonomických, finančných a naturálnych ukazovateľov za rok 2001 a 2002 podľa zisťovania výberového súboru Informačnej siete poľnohospodárskeho účtovníctva v SR |
| 520 | |a Charakteristika výberového súboru ISPÚ SR za právnické osoby v r. 2001 a 2002. Majetok a kapitál. Štruktúra výnosov. Štruktúra tržieb za predaj vlastných výrobkov a služieb. Štruktúra nákladov. Vybrané variabilné a režijné náklady. Štruktúra hospodárskeho výsledku. Pracovné sily a mzdy. Bilancia poskytnutých dotácií v r. 2002. Hektárové výnosy hlavných plodín. Úžitkovosť v živočíšnej výrobe. | ||
| 610 | 2 | 0 | |a poľnohospodárstvo |
| 610 | 2 | 0 | |a osoby právnické |
| 610 | 2 | 0 | |a výsledok hospodársky |
| 610 | 2 | 0 | |a štatistika celoštátna |
| 610 | 2 | 0 | |a štatistika ekonomická |
| 610 | 2 | 0 | |a 2001 |
| 610 | 2 | 0 | |a 2002 |